Le decorose memorie /

Dopo il successo della Revoca, Doninelli affronta il tema del legame a due, del rapporto che stringe in un nodo di affetti contrastanti l'esistenza di due persone. Nei sei racconti che costituiscono Le decorose memorie si cimenta in una narrazione forte, che sa assumere i colori della tragedia, ma a...

全面介紹

Saved in:
書目詳細資料
主要作者: Doninelli, Luca (Author)
格式: 圖書
語言:意大利语
出版: Milano : Garzanti, 1994
叢編:Narratori moderni
標簽: 添加標簽
沒有標簽, 成為第一個標記此記錄!

MARC

LEADER 00000nam a22000007i 4500
001 IT\ICCU\RAV\0235166
003 ItRI
005 20260115231900.0
008 940414s1994 it |||||| ||||| |||||c
020 |a 8811661064 
040 |b ita  |c importazione bologna sebina 
041 7 |a ita  |2 ISO-639-2 
100 1 |a Doninelli, Luca  |0 IT\ICCU\CFIV\105257  |4 aut 
240 1 3 |a Le decorose memorie  |3 IT\ICCU\USM\0075799  |9 Doninelli, Luca 
245 1 3 |a Le decorose memorie /  |c Luca Doninelli. 
260 |a Milano :  |b Garzanti,  |c 1994 
300 |a 241 p. ;  |c 22 cm 
520 |a Dopo il successo della Revoca, Doninelli affronta il tema del legame a due, del rapporto che stringe in un nodo di affetti contrastanti l'esistenza di due persone. Nei sei racconti che costituiscono Le decorose memorie si cimenta in una narrazione forte, che sa assumere i colori della tragedia, ma anche quelli dell'ironia e dello struggimento. 
830 0 |a Narratori moderni  |0 IT\ICCU\CFI\0000081 
942 |2 ddc  |c BK  |n 0 
952 |0 0  |1 0  |4 0  |6 DOC_853_914000000000000_DON  |7 0  |9 15184  |a BO  |b BO  |d 2026-01-15  |i 4950  |l 0  |o DOC 853.914 DON  |p BO4950  |r 2026-01-15 23:19:00  |w 2026-01-15  |x [Sebina 5] [1 v.]  |y BK  |z 1 v. 
999 |c 13070  |d 13070